[Event "Hastings Challengers 2002/03"]
[Site "Hastings"]
[Date "2003.01.03"]
[Round "7"]
[White "Taylor, Peter P"]
[Black "McNab, Colin Anderson"]
[Result "0-1"]
[WhiteElo "2212"]
[BlackElo "2406"]
[PlyCount "76"]
[EventDate "2002.12.28"]
[EventType "swiss"]
[EventRounds "9"]
[EventCountry "ENG"]
[SourceTitle "BritBase"]
[Source "John Saunders"]
[SourceDate "2024.12.03"]
[SourceVersion "1"]
[SourceVersionDate "2024.12.03"]
[SourceQuality "1"]

1. c4 d6 2. g3 g6 3. Bg2 Bg7 4. Nc3 c6 5. e4 e5 6. Nge2 Nf6 7. d3 O-O 8. O-O Na6 9. h3 Nc7 10. f4 b5 11. cxb5 cxb5 12. d4 exd4 13. Nxd4 Bb7 14. Nc2 Re8 15. Re1 Rb8 16. Be3 Nxe4 17. Nxe4 Bxe4 18. Bxe4 Rxe4 19. Bxa7 Rxe1+ 20. Nxe1 Rc8 21. Bd4 Bxd4+ 22. Qxd4 Ne6 23. Qf2 Qf6 24. Rd1 Nc5 25. Qd4 Qe6 26. g4 Qxa2 27. b4 Ne6 28. Qe3 Qc4 29. f5 Nf4 30. Kh2 Nd5 31. Qf3 Nc3 32. Rxd6 Qc7 33. Qf4 Ne4 34. Qxe4 Qxd6+ 35. Kg2 Qc6 36. Qxc6 Rxc6 37. fxg6 hxg6 38. Kf3 Rc3+ 0-1

[Event "Hastings Challengers 2002/03"]
[Site "Hastings"]
[Date "2003.01.04"]
[Round "8"]
[White "Borovikov, Vladislav"]
[Black "Lindemann, Stefan"]
[Result "1-0"]
[WhiteElo "2593"]
[BlackElo "2390"]
[PlyCount "133"]
[EventDate "2002.12.28"]
[EventType "swiss"]
[EventRounds "9"]
[EventCountry "ENG"]
[SourceTitle "BritBase"]
[Source "John Saunders"]
[SourceDate "2024.12.03"]
[SourceVersion "1"]
[SourceVersionDate "2024.12.03"]
[SourceQuality "1"]

1. d4 Nf6 2. Nf3 c5 3. d5 e6 4. c4 exd5 5. cxd5 d6 6. e4 g6 7. Bd3 Bg7 8. h3 O-O 9. Nc3 a6 10. a4 Nh5 11. O-O Nd7 12. Bg5 Bf6 13. Be3 Ne5 14. Nxe5 Bxe5 15. f4 Bg7 16. Qf3 Qc7 17. Rae1 Bd7 18. g4 Nf6 19. e5 Ne8 20. Ne4 f5 21. exf6 Nxf6 22. Ng5 c4 23. Bc2 Qa5 24. Ne6 Qxd5 25. Nxf8 Rxf8 26. Rd1 Qxf3 27. Rxf3 Bc6 28. Rf2 Nd5 29. Bc1 Re8 30. f5 gxf5 31. Bxf5 b5 32. axb5 axb5 33. Kf1 b4 34. Re2 Be5 35. Be4 Ne7 36. Bxc6 Nxc6 37. Re4 c3 38. Rc4 cxb2 39. Bxb2 Rf8+ 40. Kg2 Bxb2 41. Rxc6 Be5 42. Rb6 Rf4 43. Rb1 Rc4 44. R6xb4 Rc2+ 45. Kf1 Kf7 46. R4b3 Kg6 47. Rf3 h6 48. Rb8 Ra2 49. Rg8+ Kh7 50. Rgf8 Kg6 51. R8f5 Ra4 52. Rb3 Rd4 53. Kg2 Bf6 54. Kf3 Bg5 55. Rbb5 Rd3+ 56. Kg2 Bf6 57. Rbd5 Rxd5 58. Rxd5 Be5 59. h4 Kg7 60. Kf3 Kf6 61. Ke4 Bg3 62. Rf5+ Kg6 63. h5+ Kg7 64. Kd5 Bh2 65. Ke6 Bg3 66. Rf7+ Kg8 67. Rd7 1-0

[Event "Hastings Challengers 2002/03"]
[Site "Hastings"]
[Date "2003.01.04"]
[Round "8"]
[White "Flower, David G"]
[Black "Huss, Andreas"]
[Result "0-1"]
[WhiteElo "2108"]
[BlackElo "2354"]
[PlyCount "76"]
[EventDate "2002.12.28"]
[EventType "swiss"]
[EventRounds "9"]
[EventCountry "ENG"]
[SourceTitle "BritBase"]
[Source "John Saunders"]
[SourceDate "2024.12.03"]
[SourceVersion "1"]
[SourceVersionDate "2024.12.03"]
[SourceQuality "1"]

1. e4 e6 2. d3 d5 3. Nd2 c5 4. Ngf3 Nc6 5. g3 Nge7 6. Bg2 g6 7. O-O Bg7 8. Re1 b6 9. c3 Ba6 10. exd5 Nxd5 11. Nb3 O-O 12. d4 cxd4 13. Nbxd4 Nxd4 14. Nxd4 Qd7 15. a4 Rac8 16. Nb5 Rfd8 17. Qb3 h6 18. c4 Ne7 19. Bf4 Nf5 20. Rac1 Nd4 21. Qe3 Nf5 22. Qe2 Qe7 23. Be5 Bxe5 24. Qxe5 Rd2 25. Qc3 Rcd8 26. Bd5 Rxf2 27. Kxf2 Qc5+ 28. Kg2 exd5 29. b4 Qc6 30. c5 d4+ 31. Qf3 Bxb5 32. axb5 Qxb5 33. c6 Qxb4 34. c7 Rc8 35. Qc6 Ne3+ 36. Kh3 Qe7 37. Re2 Rxc7 38. Rxe3 Rxc6 0-1

[Event "Hastings Challengers 2002/03"]
[Site "Hastings"]
[Date "2003.01.04"]
[Round "8"]
[White "Formanek, Edward W"]
[Black "Pert, Nicholas"]
[Result "0-1"]
[WhiteElo "2306"]
[BlackElo "2462"]
[PlyCount "146"]
[EventDate "2002.12.28"]
[EventType "swiss"]
[EventRounds "9"]
[EventCountry "ENG"]
[SourceTitle "BritBase"]
[Source "John Saunders"]
[SourceDate "2024.12.03"]
[SourceVersion "1"]
[SourceVersionDate "2024.12.03"]
[SourceQuality "1"]

1. e4 e6 2. d4 d5 3. e5 c5 4. c3 Nc6 5. Nf3 Bd7 6. a3 c4 7. g3 Na5 8. Nbd2 Ne7 9. h4 Nc8 10. Ng5 Nb6 11. Qh5 Qe7 12. Be2 h6 13. Nh3 Ba4 14. Bd1 Bxd1 15. Qxd1 Qd7 16. a4 O-O-O 17. h5 Be7 18. O-O Rdg8 19. b4 cxb3 20. Nxb3 Nxb3 21. Qxb3 Nc4 22. Nf4 Kb8 23. Ra2 Rc8 24. Ng2 Qc7 25. Rc2 Qa5 26. Ra2 Qc7 27. Qc2 Qa5 28. Bf4 Rc6 29. Rfa1 Rhc8 30. Bc1 Qc7 31. Nf4 Na5 32. Ne2 Rb6 33. Qd3 Rb3 34. Qh7 Bf8 35. Ba3 Bxa3 36. Rxa3 Rxa3 37. Rxa3 Qe7 38. Ra2 Qg5 39. Nf4 a6 40. Rc2 Ka7 41. Kg2 Nc4 42. Ra2 Na5 43. Ra3 Qe7 44. Ra2 Qf8 45. Ne2 Qg8 46. Qd3 Qd8 47. Rb2 Rc4 48. Rb4 Qg5 49. Nf4 Qe7 50. Rxc4 Nxc4 51. Qh7 Qf8 52. Qc2 Qa3 53. Qh7 Qxc3 54. Qxg7 Qxd4 55. Qxf7 Qe4+ 56. Kg1 Qe1+ 57. Kg2 Qe4+ 58. Kg1 Nd2 59. Nxe6 Nf3+ 60. Kf1 Nd2+ 61. Kg1 Nf3+ 62. Kf1 Nxe5 63. Qe7 Qh1+ 64. Ke2 Qxh5+ 65. Ke1 Qh1+ 66. Kd2 Nc4+ 67. Ke2 Qe4+ 68. Kd1 Nb2+ 69. Kd2 Qd3+ 70. Kc1 Qc3+ 71. Kb1 Nxa4 72. Qg7 Qe1+ 73. Ka2 Qxe6 0-1

[Event "Hastings Challengers 2002/03"]
[Site "Hastings"]
[Date "2003.01.04"]
[Round "8"]
[White "Hebden, Mark L"]
[Black "Miezis, Normunds"]
[Result "1/2-1/2"]
[WhiteElo "2515"]
[BlackElo "2523"]
[PlyCount "96"]
[EventDate "2002.12.28"]
[EventType "swiss"]
[EventRounds "9"]
[EventCountry "ENG"]
[SourceTitle "BritBase"]
[Source "John Saunders"]
[SourceDate "2024.12.03"]
[SourceVersion "1"]
[SourceVersionDate "2024.12.03"]
[SourceQuality "1"]

1. d4 Nf6 2. Nf3 b6 3. Bg5 Bb7 4. Nbd2 c5 5. c3 Qc7 6. e3 e6 7. Bd3 Be7 8. Qe2 Nc6 9. O-O cxd4 10. cxd4 h6 11. Bxf6 Bxf6 12. Rac1 Rc8 13. Ne4 Be7 14. Ne5 O-O 15. Nxc6 dxc6 16. Rc2 c5 17. dxc5 Bxe4 18. Bxe4 Qe5 19. Bb7 Rxc5 20. Rxc5 Bxc5 21. Rd1 Qc7 22. Ba6 Rd8 23. Rc1 Qd7 24. g3 Qd2 25. Rc2 Qxe2 26. Rxe2 Kf8 27. a3 Ke7 28. Kg2 f5 29. b4 Bd6 30. e4 fxe4 31. Rxe4 Bb8 32. h4 Rd2 33. Bc4 e5 34. Rg4 Kf8 35. Rg6 Rd6 36. Rxd6 Bxd6 37. Ba6 e4 38. Bb7 a5 39. bxa5 bxa5 40. a4 e3 41. fxe3 Kf7 42. Kf3 Kf6 43. g4 g6 44. Bc6 Bb4 45. Ke2 Bd6 46. Kf2 Bb4 47. Be8 Bc3 48. Ke2 Bb4 1/2-1/2

[Event "Hastings Challengers 2002/03"]
[Site "Hastings"]
[Date "2003.01.04"]
[Round "8"]
[White "McDonald, Neil R"]
[Black "Wells, Peter K"]
[Result "1/2-1/2"]
[WhiteElo "2391"]
[BlackElo "2489"]
[PlyCount "99"]
[EventDate "2002.12.28"]
[EventType "swiss"]
[EventRounds "9"]
[EventCountry "ENG"]
[SourceTitle "BritBase"]
[Source "John Saunders"]
[SourceDate "2024.12.03"]
[SourceVersion "1"]
[SourceVersionDate "2024.12.03"]
[SourceQuality "1"]

1. e4 c5 2. Nf3 Nc6 3. Bb5 g6 4. Bxc6 dxc6 5. d3 Bg7 6. h3 b6 7. Nc3 e5 8. Be3 Ne7 9. a3 h6 10. b4 cxb4 11. axb4 f5 12. exf5 gxf5 13. d4 f4 14. Nxe5 O-O 15. Bc1 c5 16. bxc5 bxc5 17. Ne2 cxd4 18. Nd3 f3 19. gxf3 Ng6 20. Rg1 Nh4 21. Nef4 Bf5 22. Ra6 Kh7 23. Rg3 Qd7 24. Qd2 Rf6 25. Rxf6 Bxf6 26. Nd5 Bg5 27. Nf6+ Kh8 28. Nxd7 Bxd2+ 29. Kxd2 Bxd7 30. Bb2 Kh7 31. Ne5 Be6 32. f4 a5 33. Nc6 Nf5 34. Ra3 a4 35. Nxd4 Nxd4 36. Bxd4 Kg6 37. Re3 Ra6 38. Bb2 Kf5 39. Rg3 Kxf4 40. Rg6 Bc8 41. Rxa6 Bxa6 42. Kc3 Bc8 43. Bc1+ Kf3 44. Bxh6 Kxf2 45. h4 Kg3 46. Bg5 Kg4 47. Kb4 Bd7 48. c4 Kh5 49. c5 Bc6 50. Ka3 1/2-1/2

[Event "Hastings Challengers 2002/03"]
[Site "Hastings"]
[Date "2003.01.04"]
[Round "8"]
[White "Seel, Christian"]
[Black "Avari, Viraf"]
[Result "1-0"]
[WhiteElo "2325"]
[BlackElo "2088"]
[PlyCount "78"]
[EventDate "2002.12.28"]
[EventType "swiss"]
[EventRounds "9"]
[EventCountry "ENG"]
[SourceTitle "BritBase"]
[Source "John Saunders"]
[SourceDate "2024.12.03"]
[SourceVersion "1"]
[SourceVersionDate "2024.12.03"]
[SourceQuality "1"]

1. Nf3 Nf6 2. c4 c5 3. Nc3 e6 4. g3 b6 5. Bg2 Bb7 6. O-O Be7 7. Re1 d6 8. e4 Nbd7 9. d4 cxd4 10. Nxd4 Qc7 11. Be3 a6 12. Rc1 O-O 13. f4 Rac8 14. f5 e5 15. Nb3 Qb8 16. Qe2 Qa8 17. Bf2 Bc6 18. g4 g6 19. Qf3 Kh8 20. h4 Ng8 21. Red1 Qb8 22. Qd3 gxf5 23. exf5 Bxg2 24. Kxg2 Ngf6 25. Kh3 e4 26. Qd4 Ne5 27. Nd5 Nxd5 28. cxd5 f6 29. Qxe4 b5 30. Nd4 Rg8 31. Nc6 Qb7 32. Nxe5 dxe5 33. Rc6 Rcd8 34. g5 Qxc6 35. dxc6 Rxd1 36. Qc2 Rdd8 37. Bc5 Rge8 38. c7 Rc8 39. Bb6 fxg5 1-0

[Event "Hastings Challengers 2002/03"]
[Site "Hastings"]
[Date "2003.01.05"]
[Round "9"]
[White "Cherniaev, Alexander"]
[Black "Hebden, Mark L"]
[Result "1/2-1/2"]
[WhiteElo "2506"]
[BlackElo "2515"]
[PlyCount "162"]
[EventDate "2002.12.28"]
[EventType "swiss"]
[EventRounds "9"]
[EventCountry "ENG"]
[SourceTitle "BritBase"]
[Source "John Saunders"]
[SourceDate "2024.12.03"]
[SourceVersion "1"]
[SourceVersionDate "2024.12.03"]
[SourceQuality "1"]

1. e4 e5 2. Nf3 Nc6 3. Bb5 a6 4. Ba4 Nf6 5. O-O Be7 6. d4 exd4 7. e5 Ne4 8. Nxd4 O-O 9. Nf5 d5 10. exd6 Bxf5 11. dxe7 Nxe7 12. c3 Nc5 13. Bg5 Qxd1 14. Bxd1 Rfe8 15. Bf3 Be4 16. Be3 Bxf3 17. Bxc5 Be2 18. Re1 Rad8 19. Na3 Nd5 20. Be3 Bd3 21. Bd2 c5 22. Rac1 Rxe1+ 23. Rxe1 b5 24. Rc1 f6 25. c4 bxc4 26. Nxc4 Bxc4 27. Rxc4 Nb4 28. Be1 Rd1 29. Kf1 Nd3 30. Ke2 Nxb2 31. Rc2 Rb1 32. Bd2 c4 33. Ke3 Kf7 34. Kd4 Nd3 35. f3 Nb4 36. Rxc4 Nxa2 37. Ra4 Nc1 38. Bxc1 Rxc1 39. Rxa6 Rc2 40. g4 Rxh2 41. Ra7+ Kg6 42. Ke4 Rh3 43. Rb7 Kh6 44. Rf7 Rh1 45. Kf4 Ra1 46. Kg3 Ra3 47. Kg2 Ra6 48. Kg3 g5 49. Rf8 Kg7 50. Rb8 Ra4 51. Rc8 h6 52. Rb8 Ra5 53. Rc8 Re5 54. Rc7+ Kg6 55. Rc6 Ra5 56. Rb6 Ra4 57. Rc6 Rf4 58. Rc8 h5 59. gxh5+ Kxh5 60. Rh8+ Kg6 61. Rg8+ Kf5 62. Ra8 Rd4 63. Re8 Rd5 64. Re4 Rd6 65. Re2 Kg6 66. Re8 f5 67. Rg8+ Kh6 68. Rf8 Rd5 69. Rf6+ Kg7 70. Ra6 Rd3 71. Kg2 f4 72. Kf2 Re3 73. Rb6 Kf7 74. Kg2 Re6 75. Rb8 Kg6 76. Rh8 Re2+ 77. Kf1 Re5 78. Kf2 Rd5 79. Rf8 Kg7 80. Ra8 Kf6 81. Re8 Rd2+ 1/2-1/2

[Event "Hastings Challengers 2002/03"]
[Site "Hastings"]
[Date "2003.01.05"]
[Round "9"]
[White "Christ, Ralf"]
[Black "Woodward, Timothy DM"]
[Result "0-1"]
[WhiteElo "2292"]
[BlackElo "2185"]
[PlyCount "86"]
[EventDate "2002.12.28"]
[EventType "swiss"]
[EventRounds "9"]
[EventCountry "ENG"]
[SourceTitle "BritBase"]
[Source "John Saunders"]
[SourceDate "2024.12.03"]
[SourceVersion "1"]
[SourceVersionDate "2024.12.03"]
[SourceQuality "1"]

1. Nf3 d5 2. d4 Nf6 3. c4 c6 4. cxd5 cxd5 5. Nc3 Nc6 6. Bf4 Bf5 7. e3 e6 8. Bd3 Bg6 9. O-O Be7 10. Rc1 Rc8 11. Ne5 O-O 12. Nxc6 Rxc6 13. Bb5 Rc8 14. Qb3 a6 15. Be2 b5 16. a3 Qa5 17. Rfd1 Nd7 18. Qa2 Qd8 19. Nb1 Nb6 20. b3 Qd7 21. Nd2 Rc6 22. a4 bxa4 23. bxa4 Rfc8 24. Rxc6 Qxc6 25. Bxa6 Ra8 26. Be2 Rxa4 27. Qb2 Ba3 28. Qb5 Qxb5 29. Bxb5 Rb4 30. Bf1 Bb2 31. Bd6 Ra4 32. Bc5 Nc4 33. e4 h6 34. f3 Ne3 35. Rb1 Bxd4 36. Bxd4 Rxd4 37. Nb3 Rb4 38. Bd3 dxe4 39. fxe4 Bxe4 40. Bxe4 Rxe4 41. Nd2 Rd4 42. Nf3 Rd1+ 43. Rxd1 Nxd1 0-1

[Event "Hastings Challengers 2002/03"]
[Site "Hastings"]
[Date "2003.01.05"]
[Round "9"]
[White "Howell, David W"]
[Black "Marusenko, Petr"]
[Result "0-1"]
[WhiteElo "2224"]
[BlackElo "2332"]
[PlyCount "118"]
[EventDate "2002.12.28"]
[EventType "swiss"]
[EventRounds "9"]
[EventCountry "ENG"]
[SourceTitle "BritBase"]
[Source "John Saunders"]
[SourceDate "2024.12.03"]
[SourceVersion "1"]
[SourceVersionDate "2024.12.03"]
[SourceQuality "1"]

1. e4 c6 2. d4 d5 3. Nc3 dxe4 4. Nxe4 Bf5 5. Ng3 Bg6 6. h4 h6 7. Nf3 Nd7 8. h5 Bh7 9. Bd3 Bxd3 10. Qxd3 e6 11. Bf4 Bb4+ 12. c3 Be7 13. O-O-O Ngf6 14. Kb1 a5 15. Ne5 Nxe5 16. Bxe5 a4 17. c4 a3 18. b3 O-O 19. Ne4 Ng4 20. Qg3 f5 21. Nc5 Bxc5 22. dxc5 Qg5 23. f4 Qe7 24. Rd6 Nxe5 25. fxe5 Qf7 26. Qf4 Rae8 27. Kc2 Kh7 28. Kc3 Rg8 29. g3 g6 30. hxg6+ Rxg6 31. Kb4 Qg7 32. Kxa3 Ra8+ 33. Kb2 Rg4 34. Rd7 Rxf4 35. Rxg7+ Kxg7 36. gxf4 Kh7 37. a4 Rg8 38. a5 Rg4 39. Rd1 h5 40. Rd7+ Rg7 41. Rd1 Kh6 42. b4 h4 43. b5 Kh5 44. Kb3 h3 45. Kb4 Kh4 46. a6 bxa6 47. b6 h2 48. Rh1 Kh3 49. Ka5 Rg1 50. Rxh2+ Kxh2 51. Kxa6 Kg3 52. Kb7 Kxf4 53. Kxc6 Kxe5 54. Kb7 Kd4 55. c6 Kc5 56. c7 Rg8 57. c8=R+ Rxc8 58. Kxc8 Kxb6 59. Kd7 Kc5 0-1

[Event "Hastings Challengers 2002/03"]
[Site "Hastings"]
[Date "2003.01.05"]
[Round "9"]
[White "Jones, Gawain C B"]
[Black "Mas, Hafizulhelmi"]
[Result "1-0"]
[WhiteElo "2251"]
[BlackElo "2421"]
[PlyCount "81"]
[EventDate "2002.12.28"]
[EventType "swiss"]
[EventRounds "9"]
[EventCountry "ENG"]
[SourceTitle "BritBase"]
[Source "John Saunders"]
[SourceDate "2024.12.03"]
[SourceVersion "1"]
[SourceVersionDate "2024.12.03"]
[SourceQuality "1"]

1. e4 c5 2. Nf3 d6 3. c3 Nf6 4. Be2 Nc6 5. d4 cxd4 6. cxd4 Nxe4 7. d5 Qa5+ 8. Nc3 Nxc3 9. bxc3 Ne5 10. Nxe5 dxe5 11. O-O Bd7 12. Rb1 b6 13. c4 Rc8 14. Bb2 f6 15. Bg4 Rd8 16. Bxd7+ Rxd7 17. Qe2 Qc5 18. Rfc1 g6 19. Rc3 Bg7 20. Ba3 Qd4 21. Re3 Bh6 22. Rh3 Qd2 23. Qe4 O-O 24. Re1 Bg7 25. Re2 Qd1+ 26. Re1 Qa4 27. Qh4 h5 28. Qg3 g5 29. Qd3 h4 30. Qf5 Rf7 31. Rc1 Rc7 32. Rhc3 Qd7 33. Qg6 Rf8 34. h3 Rfc8 35. Rf3 Qe8 36. Qe4 Qf7 37. Bb4 Bf8 38. Bd2 Qh7 39. Qg4 Rd8 40. Bxg5 fxg5 41. Qe6+ 1-0

[Event "Hastings Challengers 2002/03"]
[Site "Hastings"]
[Date "2003.01.05"]
[Round "9"]
[White "Korotylev, Alexey"]
[Black "Wall, Gavin"]
[Result "0-1"]
[WhiteElo "2571"]
[BlackElo "2362"]
[PlyCount "176"]
[EventDate "2002.12.28"]
[EventType "swiss"]
[EventRounds "9"]
[EventCountry "ENG"]
[SourceTitle "BritBase"]
[Source "John Saunders"]
[SourceDate "2024.12.03"]
[SourceVersion "1"]
[SourceVersionDate "2024.12.03"]
[SourceQuality "1"]

1. d4 f5 2. Nf3 Nf6 3. g3 g6 4. Bg2 Bg7 5. c4 O-O 6. O-O d6 7. Nc3 Qe8 8. d5 Na6 9. Rb1 Bd7 10. b4 c6 11. dxc6 bxc6 12. a3 Nc7 13. Bb2 Rd8 14. Qa4 e5 15. c5 d5 16. Qxa7 d4 17. Nd1 Nfd5 18. Qa4 Ne6 19. Nd2 e4 20. Nc4 g5 21. Qc2 Qh5 22. f3 e3 23. Nd6 f4 24. g4 Qg6 25. Qxg6 hxg6 26. Re1 Ra8 27. Ne4 Ndc7 28. Bc1 Nb5 29. Rb3 Rfb8 30. h4 Ra6 31. hxg5 Rba8 32. Nb2 Rxa3 33. Rxa3 Nxa3 34. Nd3 Nc2 35. Rd1 Rb8 36. Nf6+ Bxf6 37. gxf6 g5 38. Ne5 Nf8 39. Bb2 Rxb4 40. Nd3 Rb3 41. Rc1 Nb4 42. Bxd4 Nxd3 43. exd3 Rxd3 44. Bc3 Rd5 45. Bb4 Kf7 46. Bf1 Be6 47. Ra1 Kxf6 48. Bc4 Rd7 49. Bc3+ Kf7 50. Be2 Bd5 51. Ra8 Rb7 52. Ba6 Re7 53. Be2 Ng6 54. Rd8 Nh4 55. Kf1 Nxf3 56. Rxd5 Nh2+ 57. Kg2 cxd5 58. Kxh2 Ra7 59. c6 Ke6 60. Kg2 Ra2 61. Kf3 Rc2 62. Ba5 Ke7 63. c7 Kd6 64. Bb4+ Ke6 65. Ba5 Ke5 66. Bb6 d4 67. Ba5 d3 68. c8=Q Rxc8 69. Bxd3 Kd4 70. Be2 Rh8 71. Bb6+ Kd5 72. Ba5 Rh2 73. Be1 Rh1 74. Bc3 Rg1 75. Ba6 Rg3+ 76. Ke2 Rxg4 77. Bb7+ Kc4 78. Bf6 Rg1 79. Be7 Kd4 80. Bf6+ Kc5 81. Be7+ Kb6 82. Be4 Kc7 83. Bf5 Rg2+ 84. Kd1 g4 85. Bb4 e2+ 86. Ke1 f3 87. Bc5 Rh2 88. Kd2 Rh1 0-1

[Event "Hastings Challengers 2002/03"]
[Site "Hastings"]
[Date "2003.01.05"]
[Round "9"]
[White "Lawson, Eric"]
[Black "Hunt, Adam C"]
[Result "0-1"]
[WhiteElo "2239"]
[BlackElo "2365"]
[PlyCount "52"]
[EventDate "2002.12.28"]
[EventType "swiss"]
[EventRounds "9"]
[EventCountry "ENG"]
[SourceTitle "BritBase"]
[Source "John Saunders"]
[SourceDate "2024.12.03"]
[SourceVersion "1"]
[SourceVersionDate "2024.12.03"]
[SourceQuality "1"]

1. d4 Nf6 2. Bg5 g6 3. Bxf6 exf6 4. c4 f5 5. Nc3 Bg7 6. e3 O-O 7. g3 c5 8. Nge2 cxd4 9. exd4 Nc6 10. Qd2 Re8 11. O-O-O d6 12. Bg2 a6 13. f4 Bd7 14. Kb1 Rb8 15. Rhe1 b5 16. c5 Na5 17. Nd5 dxc5 18. dxc5 Nc4 19. Qb4 Nxb2 20. Qxb2 Bxb2 21. Kxb2 Be6 22. Nec3 b4 23. Ne2 Qa5 24. Nc1 Bxd5 25. Bxd5 Rxe1 26. Rxe1 b3 0-1

[Event "Hastings Challengers 2002/03"]
[Site "Hastings"]
[Date "2003.01.05"]
[Round "9"]
[White "Miezis, Normunds"]
[Black "Gormally, Daniel W"]
[Result "0-1"]
[WhiteElo "2523"]
[BlackElo "2502"]
[PlyCount "126"]
[EventDate "2002.12.28"]
[EventType "swiss"]
[EventRounds "9"]
[EventCountry "ENG"]
[SourceTitle "BritBase"]
[Source "John Saunders"]
[SourceDate "2024.12.03"]
[SourceVersion "1"]
[SourceVersionDate "2024.12.03"]
[SourceQuality "1"]

1. c4 Nf6 2. Nc3 e5 3. g3 Bb4 4. Bg2 O-O 5. e4 Bxc3 6. dxc3 d6 7. Qe2 Nbd7 8. Nf3 a6 9. O-O b5 10. Rd1 bxc4 11. Qxc4 a5 12. Qe2 Ba6 13. c4 Bb7 14. Nh4 Nc5 15. Be3 Ne6 16. f3 Nd7 17. b3 g6 18. Rab1 Ndc5 19. Qe1 Qf6 20. Qc3 Qe7 21. Rb2 Nd7 22. Bh3 Ndc5 23. Rf2 Ng7 24. Bg2 Nge6 25. a3 a4 26. b4 Nb3 27. Bh6 Rfe8 28. f4 Ned4 29. Qe3 f6 30. Rdf1 Ra6 31. Kh1 Qf7 32. Qd3 Rb6 33. g4 Ba6 34. b5 Bb7 35. g5 Nc5 36. Qe3 Nxe4 37. Bxe4 exf4 38. Rxf4 Rxe4 39. Rxe4 Nc2 40. Qe2 f5 41. Kg1 Bxe4 42. Rc1 Nd4 43. Qe3 Nb3 44. Rc3 Rb8 45. Ng2 Re8 46. Nf4 Ba8 47. Qf2 Qe7 48. h3 Qe4 49. Kh2 Nc5 50. Rc1 Qe5 51. Kg1 Qe4 52. Kh2 Nd3 53. Nxd3 Qxd3 54. Re1 Rxe1 55. Qxe1 Qc2+ 56. Kg3 Qg2+ 57. Kh4 Qe4+ 58. Qxe4 Bxe4 59. Kg3 Bd3 60. c5 dxc5 61. Kf4 Bxb5 62. Ke5 c4 63. Kd4 f4 {Source: bulletin. 2nd GM norm for Gormally.} 0-1

[Event "Hastings Challengers 2002/03"]
[Site "Hastings"]
[Date "2003.01.05"]
[Round "9"]
[White "Pert, Richard G"]
[Black "Formanek, Edward W"]
[Result "1-0"]
[WhiteElo "2391"]
[BlackElo "2306"]
[PlyCount "75"]
[EventDate "2002.12.28"]
[EventType "swiss"]
[EventRounds "9"]
[EventCountry "ENG"]
[SourceTitle "BritBase"]
[Source "John Saunders"]
[SourceDate "2024.12.03"]
[SourceVersion "1"]
[SourceVersionDate "2024.12.03"]
[SourceQuality "1"]

1. e4 e5 2. Nf3 Nc6 3. d4 exd4 4. Nxd4 Bc5 5. Nxc6 bxc6 6. Bd3 d6 7. Qe2 Qe7 8. Nc3 Nf6 9. Na4 Nd7 10. O-O Bd4 11. c3 Bf6 12. f4 O-O 13. Bd2 g6 14. Rae1 Bg7 15. Kh1 Nb6 16. Nxb6 axb6 17. a3 Qh4 18. Be3 c5 19. Qd2 Bb7 20. Bf2 Qg4 21. Bg3 Rfe8 22. f5 gxf5 23. Rxf5 Re7 24. Qf2 Rf8 25. Rf4 Qd7 26. Bh4 Re6 27. Re3 Rg6 28. Rf5 Be5 29. Bc4 b5 30. Be2 f6 31. Bh5 Rh6 32. Bg3 Bc8 33. Bf4 Rg6 34. Bxe5 dxe5 35. Bxg6 hxg6 36. Rff3 Kg7 37. h3 Qf7 38. Rd3 1-0